000
00306 a2200145 4500
001
59300
020
_a
8574026646
040
_c
Anchieta - Pituba
240
1
0
_a
Piotr Il`yich Tchaikovsky
_l
por
245
1
0
_a
Piotr Il`yich Tchaikovsky
300
_a
54
362
0
_a
2005
650
4
_a
Música
942
_c
BK
999
_c
59300
_d
59300